Регионална библиотека "Любен Каравелов" - Русе

Легенды и мифы Древнего Египта (Запис номер 42483)

MARC детайли
000 -Лидер
Контролно поле с фиксирана дължина 01265nam a2200337 c 4500
003 - Код на организацията, давaща контролен номер
Контролно поле BLK
005 - Дата и час на последна редакция
Контролно поле 20230720104310.0
008 - Елементи от данни с фиксирана дължина
fixed length control field 180408b bul|||||r ||||||| ||bul||
010 ## - Наследен системен номер
LC control number KNG00046148000
020 ## - Международен стандартен номер на книга ISBN
Международен стандартен номер на книга ISBN 5-89740--018-0
-- издат.: Летний сад
040 ## - Източник на каталожния запис
Идентификатор на билиотеката - собственик на записа BLK
041 ## - Код за език
Код за езика на текст/звукозапис или на отделно заглавие Руски
Код за езика КДБФ Руски
080 ## - УДК
Текстов определител УДК Древноегипетска литература. Новоегипетска литература
УДК код - определител по УДК 821.412
УДК определител -394
УДК - код + определител 821.412-394
080 ## - УДК
Текстов определител УДК Религии на хамитските народи
УДК код - определител по УДК 299.3
УДК определител (32)
УДК - код + определител 299.3(32)
139 ## - Редно поле
Редна дума Рак, Иван Вадимович
Авторски знак Рак - Р 30
245 10 - Сведения за заглавието
Заглавие Легенды и мифы Древнего Египта
Редно поле (дума) адапт. Иван Вадимович Рак.
250 ## - Област на изданието
Сведения за изданието 5. изд.
257 ## - Страна на издаване
Страна на създаване/издаване Древен Египет
260 ## - Област на издателските данни
-- С.-Петербург
Име на издателя, разпространителя и проч. Журн. Нева
-- Летний сад
Година на издаване 1999
300 ## - Физическа характеристика
Страници 192 с
Илюстрации и др. ил.
Размери/Мащаб 21 см
380 ## - Жанр
Жанр Худож. лит.
651 #4 - Допълнително описание по предмет - топоним
Географско понятие Древен Египет
9 (RLIN) 242280
653 ## - Ключова дума – ненормативна
Ключова дума легенди
700 1# - Други автори (авторска отговорност)
Лично име Рак, Иван Вадимович
Автороска отговорност (Описва отношението между автора и произведението) адапт.
9 (RLIN) 114935
852 ## - Местоположение
Форматна сигнатура Цб 201786
856 4# - Електронен адрес и достъп
Електронен формат pdf - файл
Път до файла /url/
856 4# - Електронен адрес и достъп
Електронен формат pdf - файл
Път до файла /url/
942 ## - АРТИКУЛИ
Вид на библиотечния материал Книги
Скрит в OPAC Не
Koha issues (borrowed), all copies 3
944 ## - СЪЗДАВАНЕ И РЕДАКЦИЯ на ЗАПИСА
Създаване/Редакция Създаване
Дата на регистрацията/редакция 01.01.1999
Служител, извършил регистрацията/редакцията 30575
Статус, дата на статуса Мартин Енчев
944 ## - СЪЗДАВАНЕ И РЕДАКЦИЯ на ЗАПИСА
Създаване/Редакция Редакция
Дата на регистрацията/редакция 14.03.2018
Служител, извършил регистрацията/редакцията Теодора_Стоянова
999 ## - СИСТЕМНИ КОНТРОЛНИ НОМЕРА
Koha biblionumber 42483
Koha biblioitemnumber 42483
Наличности
Код за отписване Код за изгубен артикул Източник на класификационната схема Код за повреда Коз за рестрикции Код за отдаване Артикулен № Име на библиотеката - собственик Име на библиотеката, в която се намира в момента Статус (Текущо местоположение) Дата на вписване в системата Местоположение - отдел Цена в лева Инвентарен номер Систематично азбучна сигнатура Баркод Номер на екземпляра Цена в евро Служебна бележка Служебен тип на артикула
  Не е изгубен Universal Decimal Classification Не е повреден без рестрикции заемане за дома 66844 Регионална библиотека "Любен Каравелов" Русе Регионална библиотека "Любен Каравелов" Русе Заемна - подръчен фонд 2001-01-01 Заемна - подръчен фонд 0.00 651262 П 89/Р 30 120000651262 1 0.00 Дост: Pk Вид: Ф N: стар фонд Дата: 01.01.1999 Дата инв: 14.03.2018 Бележки инв: П2018 Книги
Vip Innovations Ltd, Rousse, Bulgaria 2025